The Great Inventors from A to Z / (Record no. 49034)
| 000 -LEADER | |
|---|---|
| fixed length control field | 00368nam a22001217a 4500 |
| 008 - FIXED-LENGTH DATA ELEMENTS--GENERAL INFORMATION | |
| fixed length control field | 250723b |||||||| |||| 00| 0 eng d |
| 020 ## - INTERNATIONAL STANDARD BOOK NUMBER | |
| International Standard Book Number | 9788854413313 |
| 100 ## - MAIN ENTRY--PERSONAL NAME | |
| Personal name | Fogato, Valter |
| 9 (RLIN) | 83707 |
| 245 ## - TITLE STATEMENT | |
| Title | The Great Inventors from A to Z / |
| Statement of responsibility, etc | Valter Fogato |
| 260 ## - PUBLICATION, DISTRIBUTION, ETC. (IMPRINT) | |
| Place of publication, distribution, etc | Italy |
| Name of publisher, distributor, etc | White Star |
| Date of publication, distribution, etc | 2018 |
| 300 ## - PHYSICAL DESCRIPTION | |
| Extent | 64 p. |
| Other physical details | col. ill. |
| Dimensions | 13.62 x 0.39 x 9.69 inches |
| 942 ## - ADDED ENTRY ELEMENTS (KOHA) | |
| Source of classification or shelving scheme | |
| Koha item type | Book |
| Withdrawn status | Lost status | Source of classification or shelving scheme | Damaged status | Not for loan | Collection code | Home library | Current library | Shelving location | Date acquired | Total Checkouts | Full call number | Barcode | Checked out | Date last seen | Date checked out | Price effective from | Koha item type |
|---|---|---|---|---|---|---|---|---|---|---|---|---|---|---|---|---|---|
| Non-Fiction | Asian Hope Siem Reap | Asian Hope Siem Reap | Non Fiction | 07/23/2025 | 1 | 609.2 VOG | 209057 | 04/23/2026 | 04/23/2026 | 04/23/2026 | 07/23/2025 | Book |